000 00870nam a22002897a 4500
005 20191224042337.0
008 170926s2008 sp ||||| |||| 00| 0 spa d
020 _a9788424630102
040 _aCO-BoIAVH
_cCO-BoIAVH
041 _aspa
044 _asp
090 _aI-LG
_b01
100 1 _aAránega, Susanna
245 1 0 _aLos Árboles
260 _aBarcelona:
_bLa Galera Editorial,
_c2008.
300 _a13 páginas
_bfotografías a color
_c21 x 21cm
650 1 4 _aLiteratura infantil
650 1 4 _aÁrboles
_vDescripción
650 1 4 _aÁrboles
_vUsos
650 1 4 _aÁrboles
_vConservación
650 1 4 _aÁrboles
_vImportancia
650 1 4 _aRecurso hidríco
650 1 4 _aÁrboles
_vSalud
700 _aPortell, Joan
_eautor
700 _aRoset, Gemma
_eeditora
942 _2z
_cLIBRO
999 _c19887
_d19887